<?xml version="1.0" encoding="UTF-8"?>
<record
    xmlns:xsi="http://www.w3.org/2001/XMLSchema-instance"
    xsi:schemaLocation="http://www.loc.gov/MARC21/slim http://www.loc.gov/standards/marcxml/schema/MARC21slim.xsd"
    xmlns="http://www.loc.gov/MARC21/slim">

  <leader>00683nam a22002297a 4500</leader>
  <controlfield tag="003">UA-OsUOA</controlfield>
  <controlfield tag="001"> 49574 </controlfield>
  <controlfield tag="007">ta</controlfield>
  <controlfield tag="008">20140109b un ||||| |||| 00| 0 ukr d</controlfield>
  <datafield tag="090" ind1=" " ind2=" ">
    <subfield code="a">082</subfield>
    <subfield code="b">&#x418;99</subfield>
  </datafield>
  <datafield tag="942" ind1=" " ind2=" ">
    <subfield code="c">BK</subfield>
  </datafield>
  <datafield tag="040" ind1=" " ind2=" ">
    <subfield code="a">UA-OsUOA</subfield>
    <subfield code="b">ukr</subfield>
    <subfield code="c">UA-OsUOA</subfield>
    <subfield code="d">UA-OsUOA</subfield>
  </datafield>
  <datafield tag="245" ind1=" " ind2=" ">
    <subfield code="a">&#x406;&#x441;&#x442;&#x43E;&#x440;&#x456;&#x44F; &#x443;&#x43A;&#x440;&#x430;&#x457;&#x43D;&#x441;&#x44C;&#x43A;&#x43E;&#x457; &#x430;&#x440;&#x445;&#x435;&#x43E;&#x433;&#x440;&#x430;&#x444;&#x456;&#x457;</subfield>
    <subfield code="b">&#x41F;&#x435;&#x440;&#x441;&#x43E;&#x43D;&#x430;&#x43B;&#x456;&#x457;</subfield>
    <subfield code="n">&#x412;&#x438;&#x43F;&#x443;&#x441;&#x43A; 1</subfield>
  </datafield>
  <datafield tag="300" ind1=" " ind2=" ">
    <subfield code="a">97 &#x441;.</subfield>
  </datafield>
  <datafield tag="955" ind1=" " ind2=" ">
    <subfield code="a">1</subfield>
  </datafield>
  <datafield tag="041" ind1=" " ind2=" ">
    <subfield code="a">ukr</subfield>
  </datafield>
  <datafield tag="080" ind1=" " ind2=" ">
    <subfield code="a">082</subfield>
  </datafield>
  <datafield tag="260" ind1=" " ind2=" ">
    <subfield code="a">&#x41A;.</subfield>
    <subfield code="c">1993</subfield>
  </datafield>
  <datafield tag="650" ind1=" " ind2="7">
    <subfield code="a">08 &#x412;&#x438;&#x434;&#x430;&#x43D;&#x43D;&#x44F;. &#x41A;&#x43E;&#x43B;&#x435;&#x43A;&#x442;&#x438;&#x432;&#x43D;&#x456; &#x43F;&#x440;&#x430;&#x446;&#x456;</subfield>
    <subfield code="2">UDC</subfield>
  </datafield>
  <datafield tag="999" ind1=" " ind2=" ">
    <subfield code="c">429696</subfield>
    <subfield code="d">429696</subfield>
  </datafield>
  <datafield tag="952" ind1=" " ind2=" ">
    <subfield code="0">0</subfield>
    <subfield code="1">0</subfield>
    <subfield code="2">udc</subfield>
    <subfield code="4">0</subfield>
    <subfield code="7">0</subfield>
    <subfield code="a">300</subfield>
    <subfield code="b">300</subfield>
    <subfield code="d">2014-01-09</subfield>
    <subfield code="e">293/2012</subfield>
    <subfield code="g">1.00</subfield>
    <subfield code="i">2135390</subfield>
    <subfield code="l">0</subfield>
    <subfield code="o">082 &#x418;99</subfield>
    <subfield code="p">2135390</subfield>
    <subfield code="r">2019-09-14 00:00:00</subfield>
    <subfield code="w">2014-01-09</subfield>
    <subfield code="y">BK</subfield>
  </datafield>
</record>
